000 00804nam a2200181 i 4500
001 129068
003 ES-MaACL
005 20250918063034.0
007 t|
008 070605m19621965fr ||||1| fre d
100 1 _aTeilhard de Chardin, Pierre,
_d1881-1955
_9109521
245 1 0 _aOeuvres /
_cde Pierre Teilhard de Chardin.
260 _a[París :
_bSeuil,
_c1965]
300 _a8 v. :
_bil. ;
_c19 cm.
505 8 _aContiene: v.1. Le phenomene humain -- v.2. L'apparition de l'homme -- v.3. La vision du passé -- v.4. Le milieu divin : essai de vie interieure -- v.5. L'avenir de l'homme -- v.6. L'energie humaine -- v.7. L'activation de l'energie -- v.8. La place de l'homme dans la nature -- v.9. Science et Christ
852 _aES-MaACL
_jE-4904-11
_bR.59528
999 _c129068
_d129068